000 00620nam a2200193Ii 4500
003 JO-AjNU
008 230606s9999||||xx |||||||||||||| ||und||
040 _aJO-AjNU
_beng
_erda
_cJO-AjNU
041 _aeng
050 1 4 _aPN511.T77 1969
100 3 _aTrilling,Lionel,
_eauthor
_95527
245 0 4 _aThe experience of literature:briefer version
264 3 1 _aNew York: Holt Rinehart and Winston,1969
300 _a663p
_b Includes indexes(p661-663)
336 _atext
_btxt
_2rdacontent
337 _aunmediated
_bn
_2rdamedia
338 _avolume
_bnc
_2rdacarrier
650 4 _aLiterature - History and criticism
_95528
999 _aE2859
_c2857
_d2857